Biostatistics for dummies (Record no. 37177)
[ view plain ]
| 000 -LEADER | |
|---|---|
| fixed length control field | 01431nam a2200337 a 4500 |
| 082 04 - DEWEY DECIMAL CLASSIFICATION NUMBER | |
| Classification number | 570.15195 |
| 100 1# - MAIN ENTRY--AUTHOR NAME | |
| Personal name | Pezzullo, John C. |
| 245 10 - TITLE STATEMENT | |
| Title | Biostatistics for dummies |
| 260 ## - PUBLICATION, DISTRIBUTION, ETC. (IMPRINT) | |
| Place of publication | Hoboken, N.J. : |
| Name of publisher | John Wiley & Sons, Inc., |
| Year of publication | 2013. |
| 300 ## - PHYSICAL DESCRIPTION | |
| Number of Pages | xviii, 390 p. : |
| Other physical details | ill. |
| 500 ## - GENERAL NOTE | |
| General note | "A Wiley brand." |
| General note | Includes index. |
| 505 0# - FORMATTED CONTENTS NOTE | |
| Formatted contents note | pt. I. Beginning with biostatistics basics -- pt. II. Getting down and dirty with data -- pt. III. Comparing groups -- pt. IV. Looking for relationships with correlation and regression -- pt. V. Analyzing survival data -- pt. VI. The part of tens. |
| 650 #0 - SUBJECT ADDED ENTRY--TOPICAL TERM | |
| Topical Term | Biometry. |
| 856 40 - ELECTRONIC LOCATION AND ACCESS | |
| Uniform Resource Identifier | http://site.ebrary.com/lib/rucke/Doc?id=10728378 |
No items available.
